| 000 | 01607pam a2200301 a 4500 | ||
|---|---|---|---|
| 999 |
_c332131 _d332131 |
||
| 001 | 3368543 | ||
| 003 | NUST | ||
| 005 | 20171114110918.0 | ||
| 008 | 870928s1988 maua b 001 0 eng | ||
| 010 | _a 87026086 | ||
| 020 |
_a0891168249 : _c$49.50 |
||
| 040 |
_aDLC _cDLC _dDLC |
||
| 050 | 0 | 0 |
_aTP692.5 _b.H255 1988 |
| 082 | 0 | 0 |
_a628.13 HAN _219 |
| 245 | 0 | 0 |
_aHandbook of underground storage tank safety and correction technology / _cPEI Associates, Inc. ; under the direction and authorization of Hazardous Waste Engineering Research Laboratory and Office of Underground Storage Tanks, U.S. Environmental Protection Agency. |
| 260 |
_aCambridge [Mass.] : _bScience Information Resource Center : _bHemisphere Pub. Corp., _cc1988. |
||
| 300 |
_a1 v. (various pagings) : _bill. ; _c29 cm. |
||
| 500 | _aSpine title: Storage tank safety. | ||
| 500 | _aIncludes the complete text of Underground storage tank corrective action technologies prepared under the direction of the Hazardous Waste Engineering Research Laboratory and the Office of Underground Storage Tanks. | ||
| 501 | _aH.P | ||
| 504 | _aIncludes bibliography and index. | ||
| 650 | 0 |
_aPetroleum _xUnderground storage _xSafety measures. _96351 |
|
| 710 | 2 |
_aPEI Associates. _96352 |
|
| 710 | 2 |
_aHazardous Waste Engineering Research Laboratory. _96353 |
|
| 710 | 1 |
_aUnited States. _bEnvironmental Protection Agency. _bOffice of Underground Storage Tanks. _96354 |
|
| 730 | 0 | 2 |
_aUnderground storage tank corrective action technologies. _f1988. _96355 |
| 740 | 0 | _aStorage tank safety. | |
| 906 |
_a7 _bcbc _corignew _d1 _eocip _f19 _gy-gencatlg |
||
| 942 |
_2ddc _cBK _kIESE |
||